000 00597nam a2200193Ia 4500
005 20260120131803.0
008 008 260114s9999 xx 000 0 eng d
020 _a9781383012460
037 _aEBOOK
040 _aCRL
_beng
_cCRL
041 _aeng
_2eng
084 _qCRL
100 _aTsitsipis
_9931187
245 2 _aA Linguistic Anthropology of Praxis and Language Shift Arvanitika (Albanian) and Greek in Contact
260 _bOxford University PressOxford University Press
_c2023
856 _uhttps://academic.oup.com/book/48189
942 _cEBOOK
999 _c1523109
_d1523109